<?xml version="1.0" encoding="UTF-8"?>
<marc:record xmlns:marc="http://www.loc.gov/MARC21/slim">
   <marc:leader>00000nam a2200000 a 4500</marc:leader>
   <marc:datafield ind1=" " ind2=" " tag="653">
      <marc:subfield code="a">Sandmännchen</marc:subfield>
   </marc:datafield>
   <marc:datafield ind1=" " ind2=" " tag="653">
      <marc:subfield code="a">Kinder / Film</marc:subfield>
   </marc:datafield>
   <marc:datafield ind1="0" ind2="0" tag="245">
      <marc:subfield code="a">Wo wohnt der Sandmann?</marc:subfield>
   </marc:datafield>
   <marc:datafield ind1="0" ind2="0" tag="245">
      <marc:subfield code="c">Regisseur(e): Gerhard Behrendt</marc:subfield>
   </marc:datafield>
   <marc:datafield ind1=" " ind2="1" tag="264">
      <marc:subfield code="b">Sony BMG Music Entertainment GmbH</marc:subfield>
      <marc:subfield code="c">2005</marc:subfield>
   </marc:datafield>
   <marc:datafield ind1="1" ind2=" " tag="490">
      <marc:subfield code="a">Unser Sandmännchen</marc:subfield>
      <marc:subfield code="v">Folge 3</marc:subfield>
   </marc:datafield>
   <marc:datafield ind1="1" ind2=" " tag="520">
      <marc:subfield code="a">Seit nunmehr 45 Jahren bringt das Sandmännchen den Kindern jeden Abend vor dem Traumsand erst noch eine Geschichte. Hier ist es im Märchenland unterwegs und trifft zwei Riesen, die einen Weihnachtsbaum stehlen wollen. Er hilft Rapunzel, als die böse Hexe ihr das Leben schwer macht. Schneewittchens Sieben Zwerge wollen Rotkäppchen vor drei bösen Wölfen beschützen. Die böse Hexe hat es auf Sandmännchens Traumsand abgesehen, aber glücklicherweise kommt der Gestiefelte Kater vorbei. Folge "Wo wohnt der Sandmann?", "Bäumchen Immergrün", "Sandmann auf der Leuchtturminsel" und "Plumps und die Schleife".</marc:subfield>
   </marc:datafield>
   <marc:datafield ind1=" " ind2=" " tag="041">
      <marc:subfield code="a">ger</marc:subfield>
   </marc:datafield>
   <marc:datafield ind1="0" ind2=" " tag="490">
      <marc:subfield code="v">0</marc:subfield>
   </marc:datafield>
   <marc:datafield ind1=" " ind2=" " tag="338">
      <marc:subfield code="a">Videodisk</marc:subfield>
   </marc:datafield>
   <marc:datafield ind1=" " ind2=" " tag="300">
      <marc:subfield code="a">1 DVD (50 Min.) (farb.)</marc:subfield>
   </marc:datafield>
</marc:record>
